Art & culture / (Record no. 142110)

MARC details
000 -LEADER
fixed length control field 00503nam a22001817a 4500
005 - DATE AND TIME OF LATEST TRANSACTION
control field 20170629095944.0
010 ## - LCCN (DPL NO)
LC control number ENG-119013
020 ## - INTERNATIONAL STANDARD BOOK NUMBER
Terms of availability 450.00
International Standard Book Number 9789382634058
035 ## - SYSTEM CONTROL NUMBER
System control number EN-102545
037 ## - SOURCE OF ACQUISITION
Source of stock number/acquisition DBAD/PUB
082 ## - DEWEY DECIMAL CLASSIFICATION NUMBER
Classification number 709.54
100 ## - MAIN ENTRY--PERSONAL NAME
Personal name Gupta, Manoj
245 ## - TITLE STATEMENT
Title Art & culture /
Statement of responsibility, etc by Manoj Gupta
260 ## - PUBLICATION, DISTRIBUTION, ETC. (IMPRINT)
Place of publication, distribution, etc Allahabad
Name of publisher, distributor, etc Meenakshi Prakashan
Date of publication, distribution, etc 2015
270 ## - ADDRESS
City Allahabad
Postal code 211001
Address 5 Khusro Bagh Roads
300 ## - PHYSICAL DESCRIPTION
Extent v,160p.
Dimensions 22cm(Hb)
942 ## - ADDED ENTRY ELEMENTS (KOHA)
Source of classification or shelving scheme Dewey Decimal Classification
Item type English Books
Call number suffix GUP
Classification part 709.54
Holdings
Withdrawn status Lost status Not for loan Collection code Home library Current library Date acquired Source of acquisition Cost, normal purchase price Full call number Barcode Copy number Cost, replacement price Koha item type
    Not For Loan Non-fiction D.B.Act.Division Bawana 28/06/2017 DBAD/PUB. 450.00 709.54 GUP EN-102545 1 450.00 English Books

© Delhi Public Library
Hit Counter
free hit counter